| 000 | 00391nam a2200181Ia 4500 | ||
|---|---|---|---|
| 005 | 20240823035441.0 | ||
| 008 | 240823s9999||||xx |||||||||||||| ||und|| | ||
| 041 | _aENGLISH | ||
| 082 | _A332.042 P9 | ||
| 100 | _aFidel Castro | ||
| 245 | 4 | _aThe Gigantic Casino | |
| 250 | _a1st | ||
| 260 |
_c2009 _bLeft |
||
| 500 | _aYES | ||
| 650 |
_aNovel _bEnglish |
||
| 942 | _cBK | ||
| 999 |
_c200717 _d200717 |
||